000 01333nam2a22002531 4500
001 RU\NLR\INFOCOMM18\1000234156
005 20250617030727.0
035 _a(NLR Aleph) 002405741
090 _a4673590
_c4673590
100 _a20050107d1980 |||y0rusy50 ca
101 0 _arus
102 _aRU
105 _ay |||||||||
200 1 _aПрессование цветных металлов
_fК.В. Гаген-Торн
210 _d1980
_aБ. м.
461 0 _1001RU\NLR\INFOCOMM18\1000234137
_12001#$aЦветная металлургия$eОбзор. информ.$iСерия "Обработка цветных металлов и сплавов"$fЦНИИ экономики и информ. цв. металлургии. ЦНИИцветмет экономики и информ.$v1980, Вып.8
_94673534
_cМ.
_d1979-
_fЦНИИ экономики и информ. цв. металлургии. ЦНИИцветмет экономики и информ.
_iСерия "Обработка цветных металлов и сплавов"
_oОбзор. информ.
_tЦветная металлургия
_v1980, Вып.8
700 1 _aГаген-Торн
_bК.В.
_4070
801 1 _aRU
_bInfoComm
_c20050107
801 0 _aRU
_bNLR
_gPSBO
852 _aNLR
_jП10/5643
942 _cISSUE
980 _aNB
980 _aRUSPER